000 00607cam a22002052 4500
001 0000008482
005 20151217152034.0
008 080415s xx 000 0 eng d
020 _a0851118925 :
_cKES 1450
040 _aKABU
_cKABU
100 1 _aHelm, Paul.
_@0000159085
245 1 4 _aThe Providence of God /
_cPaul Helm.
260 _aDowners Grove, IL. :
_bIVP,
_c1993.
300 _a246 p.
440 0 _aContours of Christian theology
_@0000159082
650 0 _aProvidence and government of God.
_@0000159086
908 _a080415
950 _@1
999 _c7596
_d7596